Flags for each letter - Statistics

General Stats
  • This quiz has been taken 70 times
  • The average score is 22 of 24
Answer Stats
Picture Answer % Correct
Brazil
100%
Japan
96%
Oman
96%
Qatar
96%
Switzerland
96%
Georgia
95%
Ireland
95%
Nepal
95%
Poland
95%
Usa
95%
Estonia
93%
Vietnam
93%
Azerbaijan
91%
Fiji
91%
Kazakhstan
91%
Thailand
91%
Zimbabwe
91%
Hungary
89%
Monaco
89%
Yemen
89%
Liberia
86%
Rwanda
82%
Djibouti
77%
Comoros
67%
No matching quizzes found
Score Distribution
Percent of People with Each Score
Percentile by Number Answered
Your Score History
You have not taken this quiz